000 00689nam a2200169Ia 4500
008 090711s9999 xx 000 0 und d
082 _b78664
100 _aपेंडसे श्री. ना.
245 _aतुंबाडाSो खोत भा. 1 व 2- खंड 1 ला
260 _bकॉन्टीनेन्टल प्रकाशन
_c1994
300 _a624
600 _aपेंडसे श्री. ना.
630 _aतुंबाडाSो खोत भा. 1 व 2- खंड 1 ला
700 _aपेंडसे श्री. ना.
730 _aतुंबाडाSो खोत भा. 1 व 2- खंड 1 ला
942 _cBOOK
999 _c290626
_d290626